MARC
| LEADER | 00000nam a2200000 4500 | ||
|---|---|---|---|
| 020 | |a 9781292060798 |c TZS 90,336/= | ||
| 040 | |a MUL |b eng. |e AACR | ||
| 082 | |a 333.7 TIE | ||
| 100 | |a Tietenberg, Thomas H. | ||
| 245 | |a Environmental and natural resource economics |c / Thomas H. Tietenberg and Lynne Lewis | ||
| 250 | |a 10th ed | ||
| 260 | |a Boston : |b Pearson, |c 2015 | ||
| 300 | |a 632 p. : |b ill. ; |c 26 cm | ||
| 504 | |a Includes index | ||
| 546 | |a eng. | ||
| 650 | |a Environmental conservation | ||
| 700 | |a Lewis, Lynne | ||
| 942 | |c BK | ||
| 999 | |c 10576 |d 10576 | ||